01322nam a2200277Ia 4500999001700000001000900017003000600026005001700032008004100049020002400090035001500114040002500129050000900154082000900163090001500172245007300187250001100260260004500271300002300316504004000339505056100379650002700940650003900967700002601006942001201032 c10783d1078310412074OCoLC20210304151155.0840214s1978 miu b 000 0 eng d a0801029031 (pbk.) : a.b10852888 aMCBcMCBdMZNdOCoLC bJ45N bJ45N aBT45bJ45N04aThe Necessity of systematic theology /cJohn Jefferson Davis, editor a2nd ed aGrand Rapids :bBaker Book House,cc1978 ax, 190 p. ;c22 cm aIncludes bibliographical references0 aThe Screwtape letters, letter 1 / C.S. Lewis -- Right now counts forever / R.C. Sproul -- Everyman must be a theologian / John H. Gerstner --Creed or chaos? / Dorothy L. Sayers -- The minister as teacher / Kenneth F.W. Prior -- Doing theology for the church / Robert L. Saucy -- The necessity for dogmatics / Emil Brunner -- Nature and character of theology / Francis Pieper -- The importance of Christian knowledge / Jonathan Edwards -- The idea of systematic theology / B.B. Warfield -- Contextualization and the nature of theology / John Jefferson Davis 0aPhilosophical theology 0aTheology, DoctrinalvIntroductions1 aDavis, John Jefferson 2ddccBK